| 000 | 00995nam0a22003011 4500 | ||
|---|---|---|---|
| 001 | rc\2132878 | ||
| 005 | 20110826153408.6 | ||
| 035 | _a(NLR Aleph) 006523539 | ||
| 090 |
_a6456443 _c6456443 |
||
| 100 | _a20110826d1979 |||y0rusy50 ca | ||
| 101 | 0 | _arus | |
| 102 | _aRU | ||
| 105 | _ay z |||a| | ||
| 200 | 1 |
_aВ тылу врага _eПовесть _fПрасковья Дидык |
|
| 210 |
_aКишинев _cЛит. артистикэ _d1979 |
||
| 215 |
_a303 с. _d20 |
||
| 606 |
_aРазведка и контрразведка в Великой Отечественной войне 1941-1945 гг. (х. л.) _2psbo |
||
| 686 |
_aШ5(2-Р)75-644 _2rubbk |
||
| 686 |
_a84Р7 _2rubbk |
||
| 700 | 1 |
_aДидык _bП. Г. _gПрасковья Герасимовна |
|
| 801 | 0 |
_aRU _bNLR _gpsbo |
|
| 801 | 1 |
_aRU _bELAR _2rusmarc |
|
| 852 |
_aNLR _j80-3/981 |
||
| 899 |
_aRuMoRGB _jB 79-21/286 |
||
| 899 |
_aRuMoRGB _jB 79-21/287 |
||
| 899 |
_aRuMoRGB _jBO 686/385 |
||
| 942 | _cBOOK | ||
| 980 | _aNB | ||